Diccionario latino-español / (Record no. 25552)

MARC details
000 -LEADER
campo de control de longitud fija 00530ntaaa2200205 4500
003 - IDENTIFICADOR DE NÚMERO DE CONTROL
campo de control 01
005 - FECHA Y HORA DE LA ÚLTIMA TRANSACCIÓN
campo de control 20251027203017.0
008 - DATOS DE LONGITUD FIJA--INFORMACIÓN GENERAL
campo de control de longitud fija 0714s1973 ag 01
020 ## - NÚMERO INTERNACIONAL ESTÁNDAR DEL LIBRO
Número Internacional Estándar del Libro 84303015108
040 ## - FUENTE DE CATALOGACIÓN
Centro catalogador/agencia de origen AR-BaBN
Lengua de catalogación spa
Centro/agencia transcriptor AR-BaBN
Normas de descripción aacr
Centro/agencia modificador RIC
082 ## - NÚMERO DE LA CLASIFICACIÓN DECIMAL DEWEY
Número de clasificación 473 B61d
100 ## - ENTRADA PRINCIPAL--NOMBRE DE PERSONA
Nombre de persona Blánquez Fraile, Agustín
9 (RLIN) 31213
245 ## - MENCIÓN DEL TÍTULO
Título Diccionario latino-español /
Mención de responsabilidad, etc. Agustín Blánquez Fraile
250 ## - MENCION DE EDICION
Mención de edición 5 ed.
260 ## - PUBLICACIÓN, DISTRIBUCIÓN, ETC.
Lugar de publicación, distribución, etc. Barcelona :
Nombre del editor, distribuidor, etc. Sopena,
Fecha de publicación, distribución, etc. 1975
300 ## - DESCRIPCIÓN FÍSICA
Extensión 3 tomos ;
Dimensiones 22 cm
650 ## - PUNTO DE ACCESO ADICIONAL DE MATERIA--TÉRMINO DE MATERIA
Término de materia o nombre geográfico como elemento de entrada LATIN
650 ## - PUNTO DE ACCESO ADICIONAL DE MATERIA--TÉRMINO DE MATERIA
Término de materia o nombre geográfico como elemento de entrada DICCIONARIOS
942 ## - ELEMENTOS DE ENTRADA SECUNDARIOS (KOHA)
Tipo de ítem Koha Colección General
Holdings
Estatus retirado Estado de pérdida Estado de daño No para préstamo Biblioteca de origen Biblioteca actual Fecha de adquisición Número de inventario Total de préstamos Signatura topográfica completa Código de barras Visto por última vez Precio de reemplazo Tipo de ítem Koha
        Biblioteca Pluis Biblioteca Pluis 27/10/2025 035967   473 B61d 035967 27/10/2025 27/10/2025 REFERENCIA
        Biblioteca Pluis Biblioteca Pluis 27/10/2025 035968   473 B61d 035968 27/10/2025 27/10/2025 REFERENCIA
        Biblioteca Pluis Biblioteca Pluis 27/10/2025 035969   473 B61d 035969 27/10/2025 27/10/2025 REFERENCIA